Levinas and the political (Record no. 967270)

MARC details
000 -LEADER
fixed length control field 00860nam a2200289Ia 4500
003 - CONTROL NUMBER IDENTIFIER
control field OSt
005 - DATE AND TIME OF LATEST TRANSACTION
control field 20221005060816.0
008 - FIXED-LENGTH DATA ELEMENTS--GENERAL INFORMATION
fixed length control field 221004b |||||||| |||| 00| 0 eng d
020 ## - INTERNATIONAL STANDARD BOOK NUMBER
International Standard Book Number 0415112486
037 ## - SOURCE OF ACQUISITION
Terms of availability Textual
040 ## - CATALOGING SOURCE
Original cataloging agency CRL
Transcribing agency CRL
Language of cataloging eng
041 ## - LANGUAGE CODE
Source of code eng
Language code of text/sound track or separate title eng
100 ## - MAIN ENTRY--PERSONAL NAME
Personal name Caygill Howard
9 (RLIN) 35531
245 #0 - TITLE STATEMENT
Title Levinas and the political
260 ## - PUBLICATION, DISTRIBUTION, ETC.
Place of publication, distribution, etc. London
Name of publisher, distributor, etc. Routledge U. K.
Date of publication, distribution, etc. 2002
300 ## - PHYSICAL DESCRIPTION
Extent 218p.
Dimensions cm.
490 ## - SERIES STATEMENT
Series statement Thinking the political
650 ## - SUBJECT ADDED ENTRY--TOPICAL TERM
Topical term or geographic name entry element PHILOSOPHY
650 ## - SUBJECT ADDED ENTRY--TOPICAL TERM
Topical term or geographic name entry element POLITICAL SCIENCE
650 ## - SUBJECT ADDED ENTRY--TOPICAL TERM
Topical term or geographic name entry element METAPHYSICS
942 ## - ADDED ENTRY ELEMENTS (KOHA)
Classification part R3xN06:g(W), P2
Koha item type Textual
Source of classification or shelving scheme
Holdings
Withdrawn status Lost status Damaged status Not for loan Home library Current library Date acquired Source of acquisition Cost, normal purchase price Total Checkouts Full call number Barcode Date last seen Cost, replacement price Price effective from Koha item type
        Central Library Central Library 2022-10-05 5986, 30/03/2005, Elite Publishers Distributors 3762.00   R3xN06:g(W) P2 CL1212570 2022-10-05 3762.00 2022-10-05 Textual
Copyright @ Delhi University Library System